[Event "Titled Tue 17th Jun Early"]
[Site "chess.com INT"]
[Date "2025.06.17"]
[Round "5"]
[White "Xiong, Jeffery"]
[Black "Tang, Andrew"]
[Result "1-0"]
[WhiteTitle "GM"]
[BlackTitle "GM"]
[WhiteElo "2639"]
[BlackElo "2529"]
[WhiteFideId "2047640"]
[BlackFideId "2059630"]
[EventDate "2025.06.17"]

1. e4 e5 2. Nf3 Nc6 3. Bc4 Bc5 4. c3 Nf6 5. d4 exd4 6. e5 d5 7. Be2 d3 8. exf6
dxe2 9. Qxe2+ Kf8 10. Be3 Bxe3 11. fxg7+ Kxg7 12. fxe3 Re8 13. O-O Qe7 14. Re1
Bg4 15. Nbd2 Ne5 16. Qf2 Bxf3 17. Nxf3 Nd3 18. Qg3+ Kh8 19. Re2 Rg8 20. Qh4 f6
21. Rd1 Ne5 22. Nxe5 Qxe5 23. Rf2 Rg6 24. Qd4 c6 25. Rdf1 Qxd4 26. exd4 Kg7 27.
Re1 Kf8 28. Rfe2 Rg7 29. Re6 Rf7 30. Kf2 Rd8 31. Kf3 Kg7 32. Kf4 Kg6 33. g4 Rh8
34. h4 h6 35. h5+ Kg7 36. Kf5 Rd8 37. Re7 Rd6 38. R1e6 Rxe6 39. Kxe6 Rxe7+ 40.
Kxe7 1-0

[Event "Titled Tue 17th Jun Early"]
[Site "chess.com INT"]
[Date "2025.06.17"]
[Round "5"]
[White "Zeliantsova, Kseniya"]
[Black "Buyankhishig, Batpelden"]
[Result "1-0"]
[WhiteTitle "WFM"]
[BlackTitle "WFM"]
[WhiteElo "2062"]
[BlackElo "2015"]
[WhiteFideId "13512617"]
[BlackFideId "4923537"]
[EventDate "2025.06.17"]

1. e4 e5 2. Nf3 Nc6 3. Bb5 a6 4. Ba4 Nf6 5. d3 b5 6. Bb3 Bc5 7. O-O d6 8. c3 Bb6
9. h3 h6 10. Re1 O-O 11. d4 Re8 12. dxe5 Nxe5 13. Nxe5 dxe5 14. Qf3 Bb7 15. Nd2
c5 16. c4 Qd4 17. cxb5 axb5 18. Bc2 c4 19. Nf1 Qd7 20. Bxh6 gxh6 21. Qxf6 Qe6
22. Qf3 Bd4 23. Ng3 Bxb2 24. Rab1 Rxa2 25. Nh5 Kh8 26. Red1 Bd4 27. Rxb5 Rxc2
28. Rxd4 exd4 29. Rxb7 Rc1+ 30. Kh2 Qe5+ 31. g3 Qxe4 32. Qf6+ 1-0

[Event "Titled Tue 17th Jun Early"]
[Site "chess.com INT"]
[Date "2025.06.17"]
[Round "5"]
[White "El Jawich, Amro"]
[Black "Li, Eric 2007"]
[Result "0-1"]
[WhiteTitle "FM"]
[BlackTitle "IM"]
[WhiteElo "2307"]
[BlackElo "2372"]
[WhiteFideId "5300380"]
[BlackFideId "30939941"]
[EventDate "2025.06.17"]

1. g3 d5 2. Bg2 e5 3. d4 e4 4. f3 f5 5. Nh3 Nf6 6. Bg5 Be7 7. c4 c6 8. cxd5 cxd5
9. Nc3 Nbd7 10. Qb3 Qb6 11. Nxd5 Nxd5 12. Qxd5 Qxb2 13. Bxe7 Qxa1+ 14. Kf2 e3+
15. Kxe3 Qc3+ 16. Kf4 Kxe7 17. Ng5 Qd2+ 18. e3 Rf8 19. Bh3 Qb4 20. Qe6+ Kd8 21.
Rc1 Qe7 22. Qd5 Rf6 23. Bxf5 g6 24. Qg8+ Nf8 25. Qd5+ Bd7 26. e4 gxf5 27. e5 Rc6 0-1

[Event "Titled Tue 17th Jun Early"]
[Site "chess.com INT"]
[Date "2025.06.17"]
[Round "5"]
[White "Starozhilov, Leonid"]
[Black "Bold, Andre"]
[Result "0-1"]
[WhiteTitle "FM"]
[BlackTitle "CM"]
[WhiteElo "2240"]
[BlackElo "2235"]
[WhiteFideId "14106752"]
[BlackFideId "16208471"]
[EventDate "2025.06.17"]

1. e4 c5 2. Nf3 Nc6 3. Bb5 Nf6 4. Nc3 e5 5. O-O d6 6. d3 Bd7 7. Bg5 Be7 8. Bxf6
Bxf6 9. Nd5 O-O 10. c3 Rc8 11. a4 Bg5 12. h3 Bh6 13. a5 Be6 14. a6 b6 15. Qa4
Ne7 16. Nxe7+ Qxe7 17. Bc4 Kh8 18. Bxe6 Qxe6 19. Qc4 Qd7 20. Nh2 f5 21. Qd5 Qc6
22. Qxc6 Rxc6 23. exf5 Rxf5 24. c4 Rc8 25. Rfe1 Kg8 26. Nf1 Bf4 27. Re2 Rb8 28.
g3 Bg5 29. h4 Bh6 30. g4 Rf4 31. g5 Rg4+ 32. Ng3 Bxg5 33. hxg5 Rxg5 34. Kg2 h5
35. Kh2 Rf8 36. Ne4 Rg6 37. Rg1 Rxg1 38. Kxg1 Rd8 39. Nc3 Kf7 40. Nd5 Ke6 41.
Re3 Rf8 42. Rg3 Rf7 43. Rg6+ Kd7 44. Rg5 h4 45. Rg4 h3 46. Rh4 Rf3 47. Rxh3 Rxh3
48. Nxb6+ axb6 0-1

[Event "Titled Tue 17th Jun Early"]
[Site "chess.com INT"]
[Date "2025.06.17"]
[Round "5"]
[White "Bukreev, Stanislav"]
[Black "Mullodzhanov, Nathaniel"]
[Result "1-0"]
[WhiteTitle "FM"]
[WhiteElo "2305"]
[BlackElo "1927"]
[WhiteFideId "34252347"]
[BlackFideId "30961580"]
[EventDate "2025.06.17"]

1. d4 Nf6 2. c4 g6 3. Nc3 Bg7 4. Nf3 O-O 5. g3 d6 6. Bg2 c5 7. O-O Nc6 8. dxc5
dxc5 9. Bf4 Be6 10. Ne5 Nxe5 11. Bxe5 Qc8 12. Qb3 Bh3 13. Bxb7 Qf5 14. Bxa8 Rxa8
15. Qb7 Rd8 16. Bc7 Rd7 17. Rfd1 Ng4 18. Qa8+ Bf8 19. Bf4 Rxd1+ 20. Rxd1 e5 21.
e4 Qf6 22. Nd5 Qd6 23. Bg5 Kg7 24. Qd8 Qe6 25. f3 h6 26. Be7 Bxe7 27. Qxe7 Qa6
28. fxg4 Qxc4 29. Qxe5+ Kf8 30. Qh8# 1-0

[Event "Titled Tue 17th Jun Early"]
[Site "chess.com INT"]
[Date "2025.06.17"]
[Round "5"]
[White "Vihaan Dumir"]
[Black "Petersen, Marcel"]
[Result "1-0"]
[WhiteTitle "CM"]
[BlackTitle "CM"]
[WhiteElo "2230"]
[BlackElo "2236"]
[WhiteFideId "25901010"]
[BlackFideId "12935670"]
[EventDate "2025.06.17"]

1. d4 g6 2. e4 Bg7 3. Nc3 e6 4. Be3 Ne7 5. Qd2 d5 6. O-O-O dxe4 7. Nxe4 Nf5 8.
Bg5 Qd5 9. Nf6+ Bxf6 10. Bxf6 Qxa2 11. Qb4 Nc6 12. Bb5 Rg8 13. g4 Nd6 14. Bxc6+
bxc6 15. Nf3 a5 16. Qc5 Rb8 17. d5 Rb5 18. Qxc6+ Bd7 19. Qxc7 Nb7 20. b3 Qa3+
21. Bb2 Qc5 22. Qb8+ Qc8 23. Qxc8+ Bxc8 24. Rhe1 Kf8 25. d6 Bd7 26. Bf6 Rb6 27.
Ne5 Bb5 28. d7 Bxd7 29. Nxd7+ Ke8 30. Nxb6 e5 31. Rxe5+ 1-0

[Event "Titled Tue 17th Jun Early"]
[Site "chess.com INT"]
[Date "2025.06.17"]
[Round "5"]
[White "Idani, Pouya"]
[Black "Zlatin, Alexander"]
[Result "0-1"]
[WhiteTitle "GM"]
[BlackTitle "FM"]
[WhiteElo "2593"]
[BlackElo "2313"]
[WhiteFideId "12510130"]
[BlackFideId "2810549"]
[EventDate "2025.06.17"]

1. e4 e6 2. d4 d5 3. e5 c5 4. c3 Nc6 5. Nf3 Qb6 6. Be2 Bd7 7. O-O Nge7 8. dxc5
Qxc5 9. b4 Qb6 10. Bd3 Ng6 11. Qe2 Be7 12. g3 Qc7 13. Re1 O-O 14. b5 Na5 15. Be3
Nxe5 16. Nxe5 Qxe5 17. Qc2 f5 18. Nd2 Qf6 19. Bd4 Qf7 20. Nf3 Bf6 21. Ne5 Bxe5
22. Rxe5 Nc4 23. Bxc4 dxc4 24. Rae1 a6 25. a4 axb5 26. axb5 Ra5 27. Qb1 Qe8 28.
b6 Rxe5 29. Rxe5 Bc6 30. Qf1 Qh5 31. f3 Kf7 32. Qxc4 Re8 33. g4 Qh3 34. Rxf5+
Kg8 35. Rf4 Bxf3 36. Qf1 Bxg4 37. Qxh3 Bxh3 38. Be5 Rf8 39. Rc4 Rf1# 0-1

[Event "Titled Tue 17th Jun Early"]
[Site "chess.com INT"]
[Date "2025.06.17"]
[Round "5"]
[White "Nakonechnyi, Oleksii"]
[Black "Mata Gonzalez, Jose Fernando"]
[Result "1-0"]
[WhiteTitle "CM"]
[BlackTitle "CM"]
[WhiteElo "2222"]
[BlackElo "2164"]
[WhiteFideId "34173714"]
[BlackFideId "5107423"]
[EventDate "2025.06.17"]

1. e4 c5 2. Nf3 d6 3. Bb5+ Bd7 4. Bxd7+ Nxd7 5. O-O Ngf6 6. Re1 e5 7. c3 Be7 8.
d4 Qc7 9. Na3 a6 10. Nc4 O-O 11. Ne3 Rac8 12. d5 Rfe8 13. Qc2 g6 14. a4 Bf8 15.
Nf1 c4 16. Bg5 Bg7 17. Bxf6 Nxf6 18. Ng3 h5 19. h4 Bh6 20. Nf1 Qc5 21. g3 Ng4
22. Kg2 Rf8 23. N1h2 f5 24. exf5 Rxf5 25. Nxg4 hxg4 26. Nh2 Qxd5+ 27. Qe4 Qf7
28. Nxg4 Bg7 29. Rad1 Rf8 30. Re2 Rd8 31. Ne3 Rf6 32. Qxc4 Rf8 33. Qxf7+ R8xf7
34. Nd5 Rf5 35. Nb6 Bf8 36. Nc4 R5f6 37. Rd5 Kg7 38. Red2 Re7 39. Rxd6 Rxd6 40.
Nxd6 e4 41. Re2 e3 42. Rxe3 Rd7 43. Ne4 Rd1 44. Re2 b5 45. axb5 axb5 46. Ng5 Bc5
47. Ne6+ Kh6 48. Nxc5 b4 49. cxb4 Rb1 50. b5 Rd1 51. b6 Rd8 52. b7 Rb8 53. Re7
g5 54. hxg5+ Kxg5 55. Rc7 Rf8 56. Ne6+ Kg4 57. Nxf8 1-0

[Event "Titled Tue 17th Jun Early"]
[Site "chess.com INT"]
[Date "2025.06.17"]
[Round "5"]
[White "Gu, Xiaobing"]
[Black "Jimenez Carrazoni, Marta Elena"]
[Result "1-0"]
[WhiteTitle "WGM"]
[BlackTitle "WCM"]
[WhiteElo "2148"]
[BlackElo "1968"]
[WhiteFideId "8602611"]
[BlackFideId "54765102"]
[EventDate "2025.06.17"]

1. e4 c5 2. Nf3 Nc6 3. Bb5 e5 4. Bxc6 dxc6 5. Nxe5 Qg5 6. Nf3 Qxg2 7. Rg1 Qh3 8.
d3 Nf6 9. Bg5 Be7 10. Nbd2 Bg4 11. Qe2 h6 12. Bf4 Qh5 13. O-O-O g5 14. Bg3 O-O-O
15. Kb1 Rhe8 16. h3 Bxh3 17. Rh1 g4 18. Ng1 Bd6 19. Bxd6 Rxd6 20. Nc4 Rde6 21.
e5 Qf5 22. Nxh3 gxh3 23. Qd2 Rxe5 24. Nd6+ Kc7 25. Nxf5 Rxf5 26. Rxh3 Ng4 27. f3
Ne5 28. Rxh6 Nxf3 29. Qa5+ Kb8 30. a3 Nd4 31. Rd6 Nb5 32. Rd8+ 1-0

[Event "Titled Tue 17th Jun Early"]
[Site "chess.com INT"]
[Date "2025.06.17"]
[Round "5"]
[White "Atis, Hasan"]
[Black "Topencik, Bruno"]
[Result "0-1"]
[WhiteTitle "CM"]
[BlackTitle "FM"]
[WhiteElo "2089"]
[BlackElo "2276"]
[WhiteFideId "44598017"]
[BlackFideId "23716550"]
[EventDate "2025.06.17"]

1. e4 c5 2. Nf3 d6 3. d4 cxd4 4. Nxd4 Nf6 5. Nc3 Nc6 6. Bg5 e6 7. Qd2 a6 8.
O-O-O Bd7 9. Kb1 Be7 10. h4 b5 11. Nxc6 Bxc6 12. f3 h6 13. Bxf6 gxf6 14. Ne2 Qb6
15. Nd4 O-O-O 16. a4 bxa4 17. Nxc6 Qxc6 18. Qa5 Kd7 19. Rd4 Rb8 20. Rxa4 Rb6 21.
Rc4 Qb7 22. Qa4+ Kd8 23. b3 Bf8 24. Be2 Ke7 25. Rd1 Bg7 26. Ka2 Rc8 27. Rxc8
Qxc8 28. Bc4 Qc5 29. Qa3 Qc7 30. Rd2 h5 31. Qa5 Bh6 32. Rd1 Bf4 33. Qxh5 Be5 34.
f4 Bxf4 35. Qf3 Be5 36. h5 Rc6 37. Qd3 Qa5+ 0-1

[Event "Titled Tue 17th Jun Early"]
[Site "chess.com INT"]
[Date "2025.06.17"]
[Round "5"]
[White "Oro, Faustino"]
[Black "Kalyani Sirin"]
[Result "1-0"]
[WhiteTitle "IM"]
[BlackTitle "WFM"]
[WhiteElo "2465"]
[BlackElo "2138"]
[WhiteFideId "20000197"]
[BlackFideId "33323500"]
[EventDate "2025.06.17"]

1. Nf3 Nf6 2. c4 c5 3. Nc3 Nc6 4. e3 d5 5. d4 cxd4 6. exd4 Bg4 7. cxd5 Nxd5 8.
Qb3 Bxf3 9. gxf3 Nb6 10. d5 Ne5 11. Bb5+ Nbd7 12. Ne4 Qa5+ 13. Kf1 O-O-O 14. Bd2
Qb6 15. Be3 Qa5 16. f4 Ng4 17. Bd4 Kb8 18. Rc1 Ngf6 19. Ng5 Nb6 20. Bc3 Qxb5+
21. Qxb5 Rxd5 22. Be5+ Ka8 23. Rc5 Rd1+ 24. Kg2 Rxh1 25. Bxf6 Rd1 26. Qe8+ 1-0

[Event "Titled Tue 17th Jun Early"]
[Site "chess.com INT"]
[Date "2025.06.17"]
[Round "5"]
[White "Zong, Davis"]
[Black "Saya, Ethan"]
[Result "1-0"]
[WhiteTitle "FM"]
[BlackTitle "FM"]
[WhiteElo "2242"]
[BlackElo "2262"]
[WhiteFideId "30903955"]
[BlackFideId "26095181"]
[EventDate "2025.06.17"]

1. d4 Nf6 2. c4 e6 3. g3 d5 4. Bg2 Be7 5. Nf3 O-O 6. O-O dxc4 7. Qc2 a6 8. a4
Bd7 9. Qxc4 Bc6 10. Bf4 a5 11. Nc3 Bd6 12. Rfd1 Nbd7 13. Rac1 Qe7 14. Ne5 Bxg2
15. Kxg2 c6 16. Nxd7 Qxd7 17. Be5 Nd5 18. e4 Nxc3 19. Qxc3 f6 20. Bxd6 Qxd6 21.
Qb3 Kf7 22. Qxb7+ Qe7 23. Qxe7+ Kxe7 24. Rxc6 Ra7 25. Rdc1 Kd7 26. b3 Rb8 27.
R6c3 Rb4 28. Rd1 Rab7 29. Rdd3 h5 30. h4 g5 31. hxg5 fxg5 32. f4 g4 33. Kf2 Kd6
34. Ke3 Rh7 35. d5 Rb6 36. e5+ Kd7 37. dxe6+ Kxe6 38. Ke4 Rb4+ 39. Rc4 Rxc4+ 40.
bxc4 h4 41. f5+ Ke7 42. f6+ Ke8 43. gxh4 Rxh4 44. Kf5 Rh3 45. Rd1 g3 46. e6 g2
47. f7+ Ke7 48. Rd7+ Kf8 49. Rd8+ Ke7 50. f8=Q# 1-0

[Event "Titled Tue 17th Jun Early"]
[Site "chess.com INT"]
[Date "2025.06.17"]
[Round "5"]
[White "Molenda, Marcin"]
[Black "Grover, Sahaj"]
[Result "1/2-1/2"]
[WhiteTitle "IM"]
[BlackTitle "GM"]
[WhiteElo "2376"]
[BlackElo "2465"]
[WhiteFideId "1173065"]
[BlackFideId "5021103"]
[EventDate "2025.06.17"]

1. d4 d5 2. c4 e6 3. Nf3 Nf6 4. g3 Bb4+ 5. Bd2 Be7 6. Bg2 O-O 7. O-O Nbd7 8. Qc2
Ne4 9. Nc3 Nxd2 10. Nxd2 c6 11. e4 dxc4 12. Nxc4 Nb6 13. Nxb6 Qxb6 14. Rfd1 Rd8
15. d5 exd5 16. exd5 Bg4 17. Re1 Bf6 18. dxc6 bxc6 19. h3 Be6 20. Rad1 h5 21. h4
Rab8 22. b3 Bg4 23. Rxd8+ Rxd8 24. Ne4 Be7 25. Rc1 c5 26. Ng5 Bxg5 27. hxg5 g6
28. Kh2 Bf5 29. Be4 Rd5 30. Qc4 Bxe4 31. Qxe4 Rxg5 32. f4 Rf5 33. Rd1 Qa5 34.
Qe8+ Kg7 35. Rd8 Kf6 36. Rd6+ Kg7 37. Rd8 Kf6 38. Qh8+ Ke7 39. Qe8+ Kf6 1/2-1/2

[Event "Titled Tue 17th Jun Early"]
[Site "chess.com INT"]
[Date "2025.06.17"]
[Round "5"]
[White "Williams, Simon K"]
[Black "Goodrich, Elliott"]
[Result "0-1"]
[WhiteTitle "GM"]
[WhiteElo "2444"]
[BlackElo "2019"]
[WhiteFideId "404454"]
[BlackFideId "39902064"]
[EventDate "2025.06.17"]

1. d4 Nf6 2. c4 g6 3. h4 c5 4. d5 Bg7 5. Nc3 a6 6. a4 d6 7. e4 Nbd7 8. Be2 Ne5
9. h5 gxh5 10. Nf3 Neg4 11. Bf4 Rg8 12. e5 dxe5 13. Nxe5 Bf5 14. O-O Nxe5 15.
Bxe5 Ng4 16. Bxg7 Rxg7 17. Bd3 Qd6 18. g3 Nxf2 19. Kxf2 Qxg3+ 20. Ke2 Bg4+ 21.
Kd2 Bxd1 22. Raxd1 O-O-O 23. Kc2 Qc7 24. Kb1 h4 25. Rde1 h3 26. Bf5+ Kb8 27.
Bxh3 Rg3 28. Bf5 h5 29. Ne4 Rg2 30. Rd1 Qh2 31. Kc1 Rc2+ 0-1

[Event "Titled Tue 17th Jun Early"]
[Site "chess.com INT"]
[Date "2025.06.17"]
[Round "5"]
[White "Otdelnov, Kirill"]
[Black "Huh, Isaak"]
[Result "1-0"]
[WhiteTitle "FM"]
[BlackTitle "CM"]
[WhiteElo "2273"]
[BlackElo "2139"]
[WhiteFideId "24280216"]
[BlackFideId "13209590"]
[EventDate "2025.06.17"]

1. d4 d5 2. Nf3 Nf6 3. Bf4 g6 4. e3 Bg7 5. h3 O-O 6. Nbd2 c5 7. c3 Nc6 8. Bd3
Nh5 9. Bh2 cxd4 10. exd4 a6 11. O-O b5 12. Re1 b4 13. Nb3 bxc3 14. bxc3 a5 15.
Nc5 Nf6 16. Ne5 Nxe5 17. Bxe5 Nd7 18. Nxd7 Qxd7 19. Qf3 Ba6 20. Bxa6 Rxa6 21.
Bxg7 Kxg7 22. Re5 e6 23. h4 h5 24. Qg3 Rh8 25. Rae1 Rb6 26. R5e3 Qd6 27. Qg5 Rb2
28. Rf3 Rf8 29. Qf6+ Kh7 30. Rg3 Qd8 31. Qf4 Rxa2 32. Re5 Rb2 33. Qf3 Kh6 34.
Qf4+ Kh7 35. Rgg5 Rb1+ 36. Kh2 f6 37. Rxh5+ gxh5 38. Rxh5+ Kg6 39. Qg4+ Kf7 40.
Rh7+ Ke8 41. Qg6+ Rf7 42. Qxf7# 1-0

[Event "Titled Tue 17th Jun Early"]
[Site "chess.com INT"]
[Date "2025.06.17"]
[Round "5"]
[White "Montano Vicente, Guadalupe"]
[Black "Preobrazhenskaya, Diana"]
[Result "0-1"]
[BlackTitle "WFM"]
[WhiteElo "1938"]
[BlackElo "2005"]
[WhiteFideId "5181399"]
[BlackFideId "34270566"]
[EventDate "2025.06.17"]

1. d4 Nf6 2. c4 e6 3. Nf3 b6 4. g3 Ba6 5. Qa4 c6 6. Nc3 d5 7. cxd5 exd5 8. Bg2
Bd6 9. O-O O-O 10. Ne5 Bb7 11. Bg5 h6 12. Bxf6 Qxf6 13. f4 Qd8 14. Rad1 Re8 15.
e4 dxe4 16. Bxe4 Qe7 17. Rfe1 b5 18. Qb3 Bxe5 19. fxe5 Na6 20. a4 b4 21. Ne2 c5
22. Bxb7 Qxb7 23. Nf4 cxd4 24. Rxd4 Rac8 0-1

[Event "Titled Tue 17th Jun Early"]
[Site "chess.com INT"]
[Date "2025.06.17"]
[Round "5"]
[White "Baziuk, Vladyslav"]
[Black "Nazin, Roman"]
[Result "1-0"]
[BlackTitle "CM"]
[WhiteElo "2247"]
[BlackElo "2250"]
[WhiteFideId "34107940"]
[BlackFideId "4137167"]
[EventDate "2025.06.17"]

1. e4 e6 2. d4 d5 3. e5 c5 4. c3 Nc6 5. Nf3 Bd7 6. Be2 Nge7 7. Na3 Nf5 8. Nc2
cxd4 9. cxd4 Qb6 10. O-O Na5 11. Ne3 Nxe3 12. Bxe3 Be7 13. Bd3 Bb5 14. b3 O-O
15. Bg5 Bxd3 16. Bxe7 Bxf1 17. Bxf8 Rxf8 18. Qxf1 Rc8 19. Rc1 Rc6 20. h4 h6 21.
Rxc6 Nxc6 22. Qd3 Qa5 23. Qc2 Nxd4 24. Qc8+ Kh7 25. Qxb7 Nxf3+ 26. gxf3 Qe1+ 27.
Kg2 Qxe5 28. Qxf7 a5 29. a3 h5 30. b4 axb4 31. axb4 d4 32. Qd7 Kg6 33. b5 Kf6
34. b6 Qf4 35. b7 1-0

[Event "Titled Tue 17th Jun Early"]
[Site "chess.com INT"]
[Date "2025.06.17"]
[Round "5"]
[White "Modric, Nesa"]
[Black "Karpenko, Anton"]
[Result "1-0"]
[WhiteTitle "CM"]
[BlackTitle "CM"]
[WhiteElo "2088"]
[BlackElo "2219"]
[WhiteFideId "922579"]
[BlackFideId "34374353"]
[EventDate "2025.06.17"]

1. d4 Nf6 2. Bg5 g6 3. Bxf6 exf6 4. e3 d5 5. c4 dxc4 6. Bxc4 Bd6 7. h4 h5 8. Qc2
Nd7 9. Nf3 Qe7 10. Nbd2 Kf8 11. O-O Kg7 12. Rae1 c6 13. a3 Nb6 14. Ba2 Bg4 15.
e4 Bf4 16. e5 Bxd2 17. Nxd2 fxe5 18. dxe5 Qxh4 19. Ne4 Nd5 20. Bxd5 cxd5 21. Nf6
Be6 22. f4 Rac8 23. Qa4 Rc4 24. Qxa7 Rxf4 25. Qxb7 Rxf1+ 26. Rxf1 Qd4+ 27. Kh1
Qxe5 28. Qe7 Qxb2 29. Ne8+ Kh6 30. Nd6 Qd4 31. Nxf7+ Bxf7 32. Rxf7 Qa1+ 33. Kh2
Qd4 34. a4 Qxa4 35. Qe3+ g5 36. Qe6# 1-0

[Event "Titled Tue 17th Jun Early"]
[Site "chess.com INT"]
[Date "2025.06.17"]
[Round "5"]
[White "Aarav Sinha"]
[Black "Ng, Gary"]
[Result "1/2-1/2"]
[WhiteTitle "FM"]
[BlackTitle "FM"]
[WhiteElo "2255"]
[BlackElo "2234"]
[WhiteFideId "25674064"]
[BlackFideId "2604914"]
[EventDate "2025.06.17"]

1. e4 b6 2. d4 Bb7 3. Bd3 Nf6 4. Qe2 Nc6 5. c3 e5 6. d5 Ne7 7. Bg5 Ng6 8. Nd2
Be7 9. O-O-O Nxd5 10. Bxe7 Ndxe7 11. Kb1 Nf4 12. Qf3 Nxd3 13. Qxd3 Ng6 14. Ne2
Qf6 15. f3 O-O-O 16. Ka1 d5 17. exd5 Rxd5 18. Qc2 Rhd8 19. Ne4 Qc6 20. g4 Ba6
21. N2g3 Nf4 22. Nf5 R8d7 23. Ne3 Rd3 24. Rxd3 Bxd3 25. Qf2 Bxe4 26. fxe4 Qxe4
27. Rb1 Rd3 28. Nf5 g6 29. Ng3 Qf3 30. Qe1 Re3 31. Qd2 Rd3 32. Qe1 Qe3 33. Qh1
Qf3 34. Qe1 1/2-1/2

[Event "Titled Tue 17th Jun Early"]
[Site "chess.com INT"]
[Date "2025.06.17"]
[Round "5"]
[White "Seder, Mohammed"]
[Black "Plat, Vojtech"]
[Result "1-0"]
[WhiteTitle "FM"]
[BlackTitle "GM"]
[WhiteElo "2075"]
[BlackElo "2497"]
[WhiteFideId "11505567"]
[BlackFideId "325740"]
[EventDate "2025.06.17"]

1. d4 d6 2. Nc3 e5 3. Nf3 Nd7 4. e4 Ngf6 5. Bc4 Be7 6. dxe5 Nxe5 7. Nxe5 dxe5 8.
Qxd8+ Bxd8 9. Be3 c6 10. a4 Bb6 11. Ke2 Ke7 12. Rhd1 Bxe3 13. Kxe3 Bd7 14. a5 b5
15. axb6 axb6 16. f3 b5 17. Bb3 Be6 18. Bxe6 Kxe6 19. h4 Nd7 20. g3 Nc5 21. f4
f6 22. h5 g6 23. h6 Nb7 24. Na2 Nd6 25. b3 f5 26. Nb4 exf4+ 27. gxf4 Rxa1 28.
Rxa1 fxe4 29. Nxc6 Rc8 30. Ra6 Kd7 31. Ne5+ Ke6 32. c4 bxc4 33. Nxc4 1-0

[Event "Titled Tue 17th Jun Early"]
[Site "chess.com INT"]
[Date "2025.06.17"]
[Round "5"]
[White "Gajic, Mladen"]
[Black "Nezamyatin, Ruslan"]
[Result "1-0"]
[WhiteTitle "FM"]
[BlackTitle "CM"]
[WhiteElo "2246"]
[BlackElo "2070"]
[WhiteFideId "1709178"]
[BlackFideId "24153451"]
[EventDate "2025.06.17"]

1. d4 Nf6 2. Nf3 e6 3. e3 d5 4. Nbd2 Bd6 5. Bd3 Nbd7 6. O-O O-O 7. e4 dxe4 8.
Nxe4 Nxe4 9. Bxe4 Nf6 10. Bd3 c5 11. dxc5 Bxc5 12. Qe2 h6 13. Rd1 Qc7 14. Be3 b6
15. c3 Bb7 16. Rd2 Ng4 17. Bxc5 Bxf3 18. Qxf3 Qxh2+ 19. Kf1 Qh5 20. Bd6 Qh1+ 21.
Ke2 Qxa1 22. Qxg4 f5 23. Qg3 Rfe8 24. Bb5 Red8 25. Bc4 Kf7 26. Bxe6+ Kxe6 27.
Qg6+ Kd7 28. Be5+ Ke7 29. Qxg7+ Ke8 30. Bd6 Rxd6 31. Rxd6 Qxb2+ 32. Kf3 Qxc3+
33. Qxc3 Rc8 34. Qe5+ Kf7 35. Qxf5+ Ke7 36. Qe6+ Kf8 37. Qxc8+ Ke7 38. Qc7+ Ke8
39. Rd8# 1-0

[Event "Titled Tue 17th Jun Early"]
[Site "chess.com INT"]
[Date "2025.06.17"]
[Round "5"]
[White "Castillo, Santiago"]
[Black "Demchenko, Svitlana"]
[Result "1/2-1/2"]
[BlackTitle "WIM"]
[WhiteElo "2163"]
[BlackElo "2135"]
[WhiteFideId "108936"]
[BlackFideId "14149893"]
[EventDate "2025.06.17"]

1. e4 d5 2. exd5 Nf6 3. Nc3 Nxd5 4. Bc4 Nb6 5. Bb3 g6 6. Qf3 e6 7. h4 h5 8. Nge2
Bg7 9. d3 Nc6 10. Bg5 Nd4 11. Nxd4 Qxd4 12. Ne4 f5 13. Nc3 Qc5 14. d4 Bxd4 15.
O-O-O a5 16. Rxd4 Qxd4 17. Rd1 Qe5 18. Rd8+ Kf7 19. Qd3 Rxd8 20. Qxd8 Qe1+ 21.
Nd1 Qe5 22. Qe7+ Kg8 23. Bf6 Qf4+ 24. Kb1 Qh6 25. Bxe6+ Bxe6 26. Qxe6+ Kf8 27.
Qe7+ Kg8 28. Qe6+ Kf8 29. Be7+ Kg7 30. Bf6+ Kf8 1/2-1/2

[Event "Titled Tue 17th Jun Early"]
[Site "chess.com INT"]
[Date "2025.06.17"]
[Round "5"]
[White "Nurgaliyev, Sauat"]
[Black "Robert, Yoann"]
[Result "1-0"]
[WhiteTitle "IM"]
[BlackTitle "CM"]
[WhiteElo "2404"]
[BlackElo "2203"]
[WhiteFideId "13726285"]
[BlackFideId "36018805"]
[EventDate "2025.06.17"]

1. e4 c5 2. Nf3 Nc6 3. Bb5 d6 4. O-O Bd7 5. Re1 a6 6. Bf1 e5 7. c3 Be7 8. d4
cxd4 9. cxd4 Bg4 10. d5 Nd4 11. Nbd2 Rc8 12. Bd3 Nf6 13. Qa4+ Bd7 14. Qd1 Bg4
15. Qa4+ Bd7 16. Qb4 Nc2 17. Bxc2 Rxc2 18. Qxb7 a5 19. Qb3 Rc8 20. Qd3 O-O 21.
b3 Qb6 22. Ba3 Ng4 23. Rf1 f5 24. h3 fxe4 25. Qxe4 Nf6 26. Qe2 Rce8 27. Nc4 Qa6
28. Qd2 Ne4 29. Qxa5 Qc8 30. Rfe1 Rf4 31. Bc1 Ref8 32. Bxf4 Rxf4 33. Nb6 Qe8 34.
Nxd7 Qxd7 35. Qa4 Qf5 36. Qe8+ Bf8 37. Qe6+ Qxe6 38. dxe6 Rf6 39. Rxe4 1-0

[Event "Titled Tue 17th Jun Early"]
[Site "chess.com INT"]
[Date "2025.06.17"]
[Round "5"]
[White "Ilinca, Felix-Antonio"]
[Black "Jammalamadaka, Vihaan"]
[Result "1-0"]
[WhiteTitle "IM"]
[BlackTitle "CM"]
[WhiteElo "2431"]
[BlackElo "2018"]
[WhiteFideId "54764998"]
[BlackFideId "30977134"]
[EventDate "2025.06.17"]

1. d4 d5 2. Nc3 a6 3. Bf4 Nf6 4. e3 e6 5. g4 Bd6 6. Qf3 b5 7. g5 Nfd7 8. h4 Bb7
9. Bxd6 cxd6 10. Qg3 Qe7 11. a3 Nc6 12. Bd3 Nb6 13. Nge2 e5 14. f3 exd4 15. exd4
Nxd4 16. O-O-O Nxe2+ 17. Nxe2 O-O-O 18. Rde1 Rhe8 19. Nd4 Qc7 20. Rxe8 Rxe8 21.
Nf5 g6 22. Nd4 Nc4 23. h5 Ne5 24. Kb1 Kb8 25. hxg6 hxg6 26. f4 Nc4 27. Rh7 Nxa3+
28. bxa3 Qc3 29. Nb3 Re1+ 30. Ka2 d4 31. Rh8+ Ka7 32. Qh3 Ra1+ 33. Nxa1 Bd5+ 34.
Nb3 Bxb3+ 35. cxb3 Qd2+ 36. Kb1 Qd1+ 37. Kb2 Qd2+ 38. Bc2 1-0